3416-総社市(岡山県)の駅 - Statistics

General Stats
  • This quiz has been taken 4 times
  • The average score is 4 of 5
Answer Stats
Answer % Correct
清音
100%
総社
100%
豪渓
100%
美袋
75%
日羽
50%
No matching quizzes found
Score Distribution
Percent of People with Each Score
Percentile by Number Answered
Your Score History
You have not taken this quiz